01315nam a2200337 a 4500001001200000003000800012006001900020007001500039008004100054010001700095020002800112020001800140020002700158040002100185035002100206050002200227082001500249100003200264245008300296260004900379300001100428490004100439504005300480533015200533650002100685650002800706655002900734710001700763800007100780856012600851ebr10526905CaPaEBRm u cr cn|||||||||890814s1990 ne sb 001 0 eng d z 89017827  z9027220662 (alk. paper) z9789027220660 z9789027274335 (e-book) aCaPaEBRcCaPaEBR a(OCoLC)77438439814aP119b.M34 1990eb04a417/.72201 aMalkiel, Yakov,d1914-1998.10aDiachronic problems in phonosymbolismh[electronic resource] /cYakov Malkiel. aAmsterdam :bJohn Benjamins Pub. Co.,c1990. a274 p.1 aEdita and inedita, 1979-1988 ;vv. 1 aIncludes bibliographical references and indexes. aElectronic reproduction.bPalo Alto, Calif. :cebrary,d2012.nAvailable via World Wide Web.nAccess may be limited to ebrary affiliated libraries. 0aSound symbolism. 0aHistorical linguistics. 7aElectronic books.2local2 aebrary, Inc.1 aMalkiel, Yakov,d1914-1998.tEdita and inedita, 1979-1988 ;vv. 1.40uhttp://site.ebrary.com/lib/rucke/Doc?id=10526905zAn electronic book accessible through the World Wide Web; click to view